Les pays les plus représentés au top 100 ATP - Statistiques

Statistiques générales
  • Ce quiz a été pris 110 fois
  • Le résultat moyen est 6 sur 9
Statistiques - réponses
Nombre de joueurs Pays % Correct
12 France
99%
8 États-Unis / Argentine
85%
9 Italie / Australie
83%
6 Espagne
81%
3 Canada / Chine / Royaume-Uni / Serbie
64%
1 Autriche / Brésil / Bulgarie / Croatie / Danemark / Grèce / Hongrie / Inde / Norvège / Pologne / Portugal / Bosnie-Herzégovine
60%
2 Chili / Kazakhstan / Pays-Bas / Belgique / Japon / Finlande
59%
5 Russie
57%
4 Allemagne
54%
Aucun quiz correspondant
Distribution des résultats
% des personnes avec chaque résultat
Percentile par nombre de réponses
Votre historique - résultats
Vous n’avez pas pris ce quiz